[Event "Schloss op 1st"]
[Site "Heusenstamm"]
[Date "2014.11.22"]
[Round "4.17"]
[White "Holzschuh, Gerald"]
[Black "Rolf, Marco"]
[Result "1/2-1/2"]
[WhiteElo "2118"]
[BlackElo "1985"]
[PlyCount "170"]
[EventDate "2014.11.??"]
[EventType "swiss"]
[EventRounds "7"]
[EventCountry "GER"]
[WhiteTeam "SC Bad Nauheim"]
[BlackTeam "SK Bad Homburg 1927"]

1. e4 e6 2. d4 d5 3. exd5 exd5 4. Nf3 Bg4 5. c4 Bb4+ 6. Nc3 Nf6 7. h3 Bh5 8.
Be2 O-O 9. O-O Bxc3 10. bxc3 Re8 11. g4 Bg6 12. Bg5 Qd6 13. Bxf6 gxf6 14. cxd5
Qxd5 15. Nh4 Nc6 16. Nxg6 hxg6 17. Bf3 Qc4 18. Qb3 Qd3 19. Kg2 Na5 20. Qa4 Nc4
21. Rfd1 Nd2 22. Bxb7 Rab8 23. Rac1 Re6 24. Qc2 Qc4 25. Qxd2 Re2 26. Qf4 Rxb7
27. Qxf6 Rbb2 28. Rf1 Qxa2 29. Rce1 Qd5+ 30. Kg1 Qe4 31. Rxe2 Rxe2 32. Qd8+ Kg7
33. Qxc7 Qf3 34. Qg3 Qxg3+ 35. fxg3 Re3 36. Rc1 Rxg3+ 37. Kh2 Rd3 38. g5 f6 39.
Ra1 fxg5 40. Rxa7+ Kf6 41. Rc7 Kf5 42. Kg2 g4 43. hxg4+ Kxg4 44. Kf2 Kf4 45.
Ke2 Rh3 46. Rf7+ Ke4 47. Re7+ Kd5 48. Re3 Rh1 49. Kd3 Rd1+ 50. Kc2 Rg1 51. Re5+
Kd6 52. c4 g5 53. Kd3 g4 54. c5+ Kc6 55. Re6+ Kd7 56. Rd6+ Kc7 57. Rg6 g3 58.
Ke4 g2 59. Kd5 Kb8 60. Rg7 Ka8 61. Rg8+ Ka7 62. c6 Kb6 63. Rg7 Rh1 64. c7 g1=Q
65. Rxg1 Rh5+ 66. Kd6 Rh6+ 67. Kd7 Rh7+ 68. Kd6 Rh6+ 69. Ke5 Rh5+ 70. Kd6 Rh6+
71. Kd5 Rh5+ 72. Kc4 Kxc7 73. Rg6 Kd7 74. Rb6 Rg5 75. Rh6 Rf5 76. Kd3 Ra5 77.
Ke4 Rb5 78. Rh7+ Kd6 79. Rf7 Ke6 80. Ra7 Rh5 81. Ra6+ Kd7 82. d5 Rh1 83. Ra7+
Kd6 84. Ra6+ Kd7 85. Ra7+ Kd6 1/2-1/2

[Event "Schloss op 1st"]
[Site "Heusenstamm"]
[Date "2014.11.22"]
[Round "4.18"]
[White "Stock, Juergen"]
[Black "Simon, Eric"]
[Result "0-1"]
[WhiteElo "1941"]
[BlackElo "2114"]
[PlyCount "98"]
[EventDate "2014.11.??"]
[EventType "swiss"]
[EventRounds "7"]
[EventCountry "GER"]
[WhiteTeam "SC Eschborn 1974"]
[BlackTeam "SV Bannewitz"]

1. d4 d6 2. Bg5 Nf6 3. Nd2 Nbd7 4. e3 c6 5. f4 g6 6. Bc4 Bg7 7. Ngf3 b5 8. Bb3
Bb7 9. O-O c5 10. c3 O-O 11. Qe1 h6 12. Bh4 Ne4 13. Nxe4 Bxe4 14. Nd2 Bb7 15.
g4 Qe8 16. g5 e5 17. gxh6 Bxh6 18. fxe5 dxe5 19. Qg3 c4 20. Bc2 exd4 21. Rfe1
Bxe3+ 22. Kf1 Qb8 23. Ne4 Qf4+ 24. Qxf4 Bxf4 25. cxd4 f5 26. Ng5 Rfe8 27. h3
Bd5 28. a4 b4 29. Rad1 a5 30. Kf2 Nf6 31. Ne6 Bxe6 32. Bxf6 Bd5 33. Be5 Bxe5
34. dxe5 Rad8 35. Kg3 Be6 36. Kf4 Kf7 37. Rd6 Rxd6 38. exd6 Bd7 39. Rxe8 Bxe8
40. Ke5 b3 41. Bd1 Bxa4 42. Be2 Bb5 43. Bd1 a4 44. Kd4 Ke6 45. Kc5 c3 46. bxc3
Bd3 47. Kc6 b2 48. d7 Be4+ 49. Kc7 b1=Q 0-1

[Event "Schloss op 1st"]
[Site "Heusenstamm"]
[Date "2014.11.22"]
[Round "4.19"]
[White "Lotz, Ralf"]
[Black "Kreiling, Carsten"]
[Result "1/2-1/2"]
[WhiteElo "1895"]
[BlackElo "2097"]
[PlyCount "131"]
[EventDate "2014.11.??"]
[EventType "swiss"]
[EventRounds "7"]
[EventCountry "GER"]
[WhiteTeam "SC 1952 Obertshausen"]
[BlackTeam "SVG Eppstein 1932"]

1. d4 Nf6 2. Nf3 c5 3. c3 d5 4. g3 Nc6 5. Bg2 e6 6. O-O Be7 7. b3 O-O 8. Ba3 b6
9. e3 Bb7 10. Nbd2 Rc8 11. Rc1 cxd4 12. Bxe7 Qxe7 13. exd4 Rfd8 14. Qe2 Rc7 15.
Ne5 Qa3 16. Nxc6 Bxc6 17. Rc2 Bb7 18. Qe5 Qd6 19. Qxd6 Rxd6 20. Rfc1 Ba6 21.
Bf1 Bxf1 22. Kxf1 g6 23. f3 Kg7 24. Kf2 g5 25. h3 h5 26. g4 Rd8 27. Ke3 b5 28.
b4 Rh8 29. Kf2 Rc6 30. Nb3 Ra6 31. Kg2 Ne8 32. Nc5 Ra3 33. Rb1 Nd6 34. Rb3 Nc4
35. Re2 hxg4 36. hxg4 Ra8 37. Rxa3 Nxa3 38. Nb3 Nc4 39. Nd2 Nxd2 40. Rxd2 Rc8
41. Rc2 Kf6 42. Kf2 e5 43. Ke3 Rc4 44. dxe5+ Kxe5 45. Kd3 Kf4 46. Rf2 Kg3 47.
Rf1 Kg2 48. Re1 Rf4 49. Re5 f6 50. Rxd5 Kxf3 51. Rxb5 Kxg4 52. c4 Kf3 53. c5 g4
54. c6 g3 55. c7 g2 56. c8=Q g1=Q 57. Qh3+ Qg3 58. Qxg3+ Kxg3 59. Rb7 a5 60.
Rg7+ Kh4 61. bxa5 Ra4 62. Ke3 Rxa2 63. Kf4 Rxa5 64. Rh7+ Rh5 65. Rxh5+ Kxh5 66.
Kf5 1/2-1/2

[Event "Schloss op 1st"]
[Site "Heusenstamm"]
[Date "2014.11.22"]
[Round "4.20"]
[White "Henrich, David"]
[Black "Diez, Gerhard"]
[Result "1-0"]
[WhiteElo "2093"]
[BlackElo "2007"]
[PlyCount "77"]
[EventDate "2014.11.??"]
[EventType "swiss"]
[EventRounds "7"]
[EventCountry "GER"]
[WhiteTeam "SK Niederbrechen 1948"]
[BlackTeam "SC Bad Nauheim"]

1. c4 e5 2. g3 d6 3. Bg2 Nc6 4. Nc3 Be6 5. d3 g6 6. Rb1 Bg7 7. e3 Nge7 8. Nd5
O-O 9. b4 Qd7 10. Qa4 Bxd5 11. cxd5 Nb8 12. Qb3 Qe8 13. Ne2 Nd7 14. O-O Nb6 15.
Nc3 Rd8 16. a4 c6 17. dxc6 bxc6 18. b5 cxb5 19. Nxb5 Qd7 20. Ba3 Nbc8 21. Rfc1
a5 22. Rc7 Qe8 23. Bh3 d5 24. Bxc8 Nxc8 25. Rbc1 Qe6 26. Bxf8 Bxf8 27. Qc3 Nd6
28. Qxa5 e4 29. R7c6 Qe7 30. Nxd6 Rxd6 31. Rxd6 Qxd6 32. d4 Qa3 33. Rf1 Qb3 34.
Qb5 Qa2 35. a5 h5 36. h4 Kg7 37. a6 Bd6 38. Qb6 Qa3 39. a7 1-0

[Event "Schloss op 1st"]
[Site "Heusenstamm"]
[Date "2014.11.22"]
[Round "4.21"]
[White "Foskanjan, Serschik"]
[Black "Werner, Dimo"]
[Result "0-1"]
[WhiteElo "1888"]
[BlackElo "2083"]
[PlyCount "80"]
[EventDate "2014.11.??"]
[EventType "swiss"]
[EventRounds "7"]
[EventCountry "GER"]
[WhiteTeam "SV Mainz Mombach"]
[BlackTeam "TSV Schott Mainz"]

1. e4 d5 2. exd5 Qxd5 3. Nc3 Qd8 4. Nf3 Nf6 5. d4 g6 6. Be2 Bg7 7. O-O O-O 8.
Re1 c6 9. Bg5 Nbd7 10. Rc1 Nb6 11. h3 Nbd5 12. Nxd5 cxd5 13. c4 Ne4 14. Be3
dxc4 15. Bxc4 Nd6 16. b3 e6 17. Rc2 b5 18. Be2 Bb7 19. Qd3 Be4 20. Qd2 Bxc2 21.
Qxc2 Rc8 22. Qd2 a6 23. Rd1 Nf5 24. Bf4 Ne7 25. Bh6 Nd5 26. Bxg7 Kxg7 27. Ne5
h5 28. Bf3 Qe7 29. Qa5 Qc7 30. Qd2 Qc2 31. Qa5 Qc7 32. Qd2 Qc2 33. Qa5 Nc3 34.
Rf1 Qxa2 35. Qb4 Qd2 36. Qe7 Qxd4 37. Qg5 Nd5 38. g3 Nf6 39. Rd1 Qb2 40. g4 Rc5
0-1

[Event "Schloss op 1st"]
[Site "Heusenstamm"]
[Date "2014.11.22"]
[Round "4.22"]
[White "Schulte, Marius"]
[Black "Klyszcz, Michael"]
[Result "1-0"]
[WhiteElo "2081"]
[BlackElo "1969"]
[PlyCount "99"]
[EventDate "2014.11.??"]
[EventType "swiss"]
[EventRounds "7"]
[EventCountry "GER"]
[WhiteTeam "SK Gruendau"]
[BlackTeam "SG Loeberitz"]

1. d4 e6 2. Nf3 f5 3. c4 Nf6 4. g3 Be7 5. Bg2 O-O 6. O-O d6 7. b3 Ne4 8. Bb2
Nd7 9. Nbd2 Ndf6 10. Qc2 Qe8 11. Nxe4 Nxe4 12. Nd2 Nxd2 13. Qxd2 Qh5 14. f4 Rf6
15. e4 Rh6 16. Bf3 Qh3 17. exf5 Qxf5 18. Rae1 Rb8 19. Qe2 Bf8 20. Bg4 Qg6 21.
Bc1 Qf6 22. f5 exf5 23. Bxh6 gxh6 24. Qe3 Bg7 25. Bxf5 Qxd4 26. Qxd4 Bxd4+ 27.
Kg2 Be5 28. Re4 h5 29. Bxc8 Rxc8 30. Rf5 Kg7 31. Rxh5 Kg6 32. Reh4 Rh8 33. g4
Bf6 34. Rh3 Bg5 35. Rf3 Re8 36. h4 Bc1 37. Rf2 Re4 38. Kg3 h6 39. Rhf5 Re3+ 40.
R5f3 Re7 41. Rf8 Re3+ 42. R2f3 Re7 43. Rg8+ Kh7 44. Rff8 Re3+ 45. Kf2 Re5 46.
Re8 Rc5 47. Rgf8 Bd2 48. Rf5 Kg6 49. Re6+ Kg7 50. Re7+ 1-0

[Event "Schloss op 1st"]
[Site "Heusenstamm"]
[Date "2014.11.22"]
[Round "4.23"]
[White "Rosenberger, Frank"]
[Black "Wolff, Peter"]
[Result "1-0"]
[WhiteElo "2067"]
[BlackElo "1957"]
[PlyCount "99"]
[EventDate "2014.11.??"]
[EventType "swiss"]
[EventRounds "7"]
[EventCountry "GER"]
[WhiteTeam "SK 1980 Gernsheim"]
[BlackTeam "VSG 1880 Offenbach"]

1. e4 c6 2. d4 d5 3. exd5 cxd5 4. Bd3 Nc6 5. c3 Nf6 6. Bf4 Bg4 7. Nf3 Bxf3 8.
Qxf3 e6 9. O-O Bd6 10. Nd2 a6 11. Rfe1 b5 12. b4 O-O 13. a4 Bxf4 14. Qxf4 Qb6
15. axb5 axb5 16. Nb3 Ne7 17. Nc5 Ng6 18. Qg5 Rfb8 19. g3 h6 20. Qe3 Nf8 21.
Qe2 Ne8 22. Rxa8 Rxa8 23. Bxb5 Nd6 24. Bd3 Nh7 25. Qb2 Ng5 26. Ra1 Rxa1+ 27.
Qxa1 Qd8 28. Kg2 g6 29. Qe1 Qf6 30. f4 Nh7 31. Qe5 Qe7 32. b5 Nf8 33. h4 Nd7
34. Qe3 Nb6 35. Qe5 Nd7 36. Nxd7 Qxd7 37. h5 gxh5 38. Qxh5 Nxb5 39. Qxh6 f5 40.
Bxb5 Qxb5 41. Qxe6+ Kg7 42. Qe7+ Kg8 43. Qg5+ Kh8 44. Qxf5 Qe2+ 45. Kh3 Qf3 46.
Kh4 Qh1+ 47. Kg5 Qg2 48. g4 Qe4 49. Qxe4 dxe4 50. Kh4 1-0

[Event "Schloss op 1st"]
[Site "Heusenstamm"]
[Date "2014.11.22"]
[Round "4.24"]
[White "Eichner, Christian"]
[Black "Maar, Samuel"]
[Result "1-0"]
[WhiteElo "2058"]
[BlackElo "1892"]
[PlyCount "53"]
[EventDate "2014.11.??"]
[EventType "swiss"]
[EventRounds "7"]
[EventCountry "GER"]
[WhiteTeam "SV TuR Dresden"]
[BlackTeam "SC Kaufungen"]

1. e4 e5 2. Bc4 Nf6 3. d4 exd4 4. Nf3 Nxe4 5. Qxd4 Nf6 6. Bg5 Be7 7. Nc3 Nc6 8.
Qh4 h6 9. O-O-O d6 10. Rhe1 O-O 11. Bxh6 Ng4 12. Rxe7 Nxh6 13. Re4 Bf5 14. Rf4
Qxh4 15. Nxh4 Bh7 16. Nf3 Kh8 17. Nd5 a6 18. Re1 Na5 19. Re7 b5 20. Bd3 Bxd3
21. cxd3 c5 22. Ng5 f6 23. Ne4 Nc6 24. Rc7 Nd4 25. Rh4 f5 26. Rxh6+ Kg8 27.
Ne7+ 1-0

[Event "Schloss op 1st"]
[Site "Heusenstamm"]
[Date "2014.11.22"]
[Round "4.25"]
[White "Schindelmeiser, Frank"]
[Black "Seickel, Ralf"]
[Result "0-1"]
[WhiteElo "1834"]
[BlackElo "2054"]
[PlyCount "158"]
[EventDate "2014.11.??"]
[EventType "swiss"]
[EventRounds "7"]
[EventCountry "GER"]
[WhiteTeam "SV Oberursel"]

1. c4 g6 2. g3 Bg7 3. Bg2 f5 4. Nc3 Nf6 5. d3 O-O 6. Nh3 d6 7. O-O c6 8. Bd2 e5
9. Qc1 a5 10. Na4 c5 11. Nc3 Nc6 12. Nd5 Nd4 13. Re1 Ne8 14. Bg5 Nf6 15. Nxf6+
Bxf6 16. Bd5+ Kh8 17. Bh6 Bg7 18. Bxg7+ Kxg7 19. e3 Nc6 20. f4 Ne7 21. Qc3 Nxd5
22. cxd5 Re8 23. a4 Kg8 24. Nf2 e4 25. d4 b6 26. b3 Bb7 27. dxc5 dxc5 28. Rad1
Qd6 29. g4 Bc8 30. g5 Bb7 31. Rd2 Ba6 32. Kg2 Rac8 33. h4 c4 34. Rh1 cxb3 35.
Qb2 Rc2 36. Rxc2 bxc2 37. Qxc2 Qxd5 38. Rd1 Qc4 39. Qb2 Qe2 40. Qxe2 Bxe2 41.
Rd2 Bc4 42. Rd6 Re6 43. Rd8+ Kf7 44. Rd7+ Re7 45. Rd6 Rb7 46. Rf6+ Ke7 47. h5
Bf7 48. hxg6 hxg6 49. Nd1 b5 50. Ra6 b4 51. Rxa5 b3 52. Rb5 Rd7 53. Nc3 Rd3 54.
Rb7+ Kf8 55. Rb8+ Kg7 56. a5 Rxc3 57. a6 Rc2+ 58. Kg3 Ra2 59. Rb6 Ra5 60. Kf2
Ra2+ 61. Kg3 Bd5 62. Rb7+ Kf8 63. Rb6 Kf7 64. Rf6+ Kg7 65. Rb6 Re2 66. Rb7+ Kf8
67. Rb8+ Ke7 68. a7 Ra2 69. Rb5 Kd6 70. Rb6+ Kc5 71. Rb8 Rxa7 72. Rc8+ Bc6 73.
Rd8 Rd7 74. Rh8 Rd3 75. Rh1 Rxe3+ 76. Kh4 Re2 77. Rc1+ Rc2 78. Rb1 b2 79. Kg3
Kb4 0-1

[Event "Schloss op 1st"]
[Site "Heusenstamm"]
[Date "2014.11.22"]
[Round "4.26"]
[White "Ovsepyan, Mikhail"]
[Black "Schrader, Hans Joachim"]
[Result "1-0"]
[WhiteElo "1692"]
[BlackElo "2043"]
[PlyCount "23"]
[EventDate "2014.11.??"]
[EventType "swiss"]
[EventRounds "7"]
[EventCountry "GER"]
[WhiteTeam "Sfr Frankfurt 1921"]
[BlackTeam "SV Kinzigtal"]

1. e4 c5 2. Nf3 d6 3. d4 cxd4 4. Nxd4 a6 5. c3 Nf6 6. Qc2 e5 7. Nf3 Nc6 8. Bc4
Be7 9. Ng5 O-O 10. h3 d5 11. exd5 Nxd5 12. Qxh7# 1-0

[Event "Schloss op 1st"]
[Site "Heusenstamm"]
[Date "2014.11.22"]
[Round "4.27"]
[White "Carow, Annelen"]
[Black "Pruemm, Stephan"]
[Result "1-0"]
[WhiteElo "2034"]
[BlackElo "1342"]
[PlyCount "25"]
[EventDate "2014.11.??"]
[EventType "swiss"]
[EventRounds "7"]
[EventCountry "GER"]
[WhiteTeam "SF Heidesheim"]
[BlackTeam "SC Heusenstamm"]

1. d4 f5 2. g3 Nf6 3. Bg2 d5 4. c4 c6 5. Qc2 e6 6. Nh3 Be7 7. O-O O-O 8. b3 b5
9. cxb5 cxb5 10. Bf4 Qb6 11. Rd1 Nc6 12. Qb2 b4 13. a3 1-0

[Event "Schloss op 1st"]
[Site "Heusenstamm"]
[Date "2014.11.22"]
[Round "4.28"]
[White "Chandler, Patrick"]
[Black "Eg, Karlheinz"]
[Result "0-1"]
[WhiteElo "2178"]
[BlackElo "1877"]
[PlyCount "74"]
[EventDate "2014.11.??"]
[EventType "swiss"]
[EventRounds "7"]
[EventCountry "GER"]
[WhiteTeam "SC 1934 Gelnhausen"]
[BlackTeam "SV Ruesselsheim"]

1. e4 e5 2. f4 exf4 3. Nf3 Be7 4. Bc4 Bh4+ 5. Kf1 d6 6. Nc3 Bg4 7. d4 Ne7 8.
Bxf4 Ng6 9. Be3 c6 10. h3 Bxf3 11. Qxf3 O-O 12. g3 Bg5 13. Bf2 Kh8 14. h4 Bd2
15. h5 Ne7 16. Bd3 h6 17. Ne2 d5 18. Rd1 dxe4 19. Qxe4 f5 20. Qf3 Bg5 21. c4
Nd7 22. Nf4 Bxf4 23. gxf4 Nf6 24. Bb1 Qc7 25. Re1 Rae8 26. Re5 Ng4 27. Be1 Nxe5
28. fxe5 b5 29. b3 bxc4 30. bxc4 c5 31. d5 Qxe5 32. Bc3 Qb8 33. Bc2 Nc8 34. Rg1
Re7 35. Qg2 Qf4+ 36. Qf2 Qxc4+ 37. Qe2 Qxe2# 0-1

[Event "Schloss op 1st"]
[Site "Heusenstamm"]
[Date "2014.11.22"]
[Round "4.29"]
[White "Hoti, Safet"]
[Black "Hinrichs, Niklas"]
[Result "1-0"]
[WhiteElo "2107"]
[BlackElo "1802"]
[PlyCount "45"]
[EventDate "2014.11.??"]
[EventType "swiss"]
[EventRounds "7"]
[EventCountry "GER"]
[WhiteTeam "SC Heusenstamm"]
[BlackTeam "SK Bingen"]

1. d4 d5 2. c4 c6 3. cxd5 cxd5 4. Nc3 Nf6 5. Nf3 Nc6 6. e3 e6 7. Bd3 Bd6 8. O-O
O-O 9. a3 a6 10. b4 Bd7 11. Bb2 Rc8 12. Rc1 b5 13. e4 dxe4 14. Nxe4 Nxe4 15.
Bxe4 Qe7 16. Re1 Bf4 17. Rc2 Nb8 18. Rxc8 Rxc8 19. g3 Bd6 20. d5 e5 21. Nxe5
Kh8 22. Nxd7 Qxd7 23. Qh5 1-0

[Event "Schloss op 1st"]
[Site "Heusenstamm"]
[Date "2014.11.22"]
[Round "4.30"]
[White "Schloessner, Henrik"]
[Black "Paeslack, Luis"]
[Result "0-1"]
[WhiteElo "1938"]
[BlackElo "1777"]
[PlyCount "116"]
[EventDate "2014.11.??"]
[EventType "swiss"]
[EventRounds "7"]
[EventCountry "GER"]
[WhiteTeam "SK Gruendau"]
[BlackTeam "SK Mainaschaff"]

1. e4 e5 2. Nf3 Nc6 3. Bb5 a6 4. Ba4 Nf6 5. O-O b5 6. Bb3 d6 7. h3 Bb7 8. Re1
Be7 9. c3 Na5 10. Bc2 c5 11. d4 Qc7 12. Nbd2 O-O 13. d5 Rfd8 14. b3 g6 15. Nf1
Ne8 16. Bh6 Ng7 17. Ne3 Bc8 18. Qd2 Bd7 19. Rad1 Nb7 20. Kh2 Nh5 21. g4 Nf4 22.
Bxf4 exf4 23. Nf5 gxf5 24. gxf5 Bf6 25. Qxf4 Kh8 26. Rg1 Rg8 27. Qh6 Bg7 28.
Ng5 Bxf5 29. Qh4 Bg6 30. f4 h6 31. f5 Bh7 32. Nxh7 Be5+ 33. Kh1 Kxh7 34. f6 Rg6
35. Rdf1 Rag8 36. Rg4 Qd8 37. Rf5 Bxf6 38. Qf2 Rxg4 39. hxg4 Kg7 40. Qf4 Qe7
41. Qh2 Bg5 42. e5 dxe5 43. Rxe5 Qd6 44. Qe2 Rf8 45. Qe4 Qg6 46. Rf5 Kg8 47.
Qe5 f6 48. Qe6+ Qf7 49. Qc6 Qe7 50. Rf2 Qe1+ 51. Kg2 Bh4 52. Rf1 Qg3+ 53. Kh1
Qh3+ 54. Kg1 Qxg4+ 55. Kh1 Qh3+ 56. Kg1 Kh8 57. Rxf6 Bxf6 58. Qd7 Qxd7 0-1

[Event "Schloss op 1st"]
[Site "Heusenstamm"]
[Date "2014.11.22"]
[Round "4.31"]
[White "Lutwitzi, Klaus"]
[Black "Roemer, Torsten"]
[Result "0-1"]
[WhiteElo "1620"]
[BlackElo "2058"]
[PlyCount "76"]
[EventDate "2014.11.??"]
[EventType "swiss"]
[EventRounds "7"]
[EventCountry "GER"]
[BlackTeam "SK Niederbrechen 1948"]

1. c4 c5 2. e3 Nf6 3. b3 g6 4. Bb2 Bg7 5. d3 Nc6 6. a3 d6 7. Nd2 e5 8. Be2 O-O
9. Ngf3 Re8 10. Qc2 h6 11. O-O Nh7 12. Ne4 f5 13. Ng3 Ng5 14. Rfd1 Qe7 15. Nxg5
hxg5 16. Bf3 g4 17. Bd5+ Be6 18. Bxc6 bxc6 19. d4 cxd4 20. exd4 Rab8 21. dxe5
dxe5 22. Re1 Qc5 23. Rac1 a5 24. Ba1 Bf7 25. Bb2 Qb6 26. b4 axb4 27. c5 Qb7 28.
axb4 Qxb4 29. Rb1 Qb3 30. Qc3 Bd5 31. Qa5 Qa2 32. Qc3 Rb3 33. Qd2 Reb8 34. Qg5
Rxb2 35. Rxb2 Qxb2 36. Qxg6 Qd2 37. Rxe5 Rb1+ 38. Nf1 Rxf1+ 0-1

[Event "Schloss op 1st"]
[Site "Heusenstamm"]
[Date "2014.11.22"]
[Round "4.32"]
[White "Zweschper, Erich"]
[Black "Sanati, Charlotte"]
[Result "1/2-1/2"]
[WhiteElo "2043"]
[BlackElo "1776"]
[PlyCount "105"]
[EventDate "2014.11.??"]
[EventType "swiss"]
[EventRounds "7"]
[EventCountry "GER"]
[WhiteTeam "SVG Eppstein 1932"]
[BlackTeam "SG Trier"]

1. d4 d5 2. Nf3 Nf6 3. c4 c6 4. Nc3 e6 5. Bg5 dxc4 6. a4 Nbd7 7. e4 Qa5 8. Bd2
Bb4 9. Bxc4 O-O 10. O-O e5 11. Be2 Re8 12. Qc2 exd4 13. Nxd4 Qb6 14. Be3 c5 15.
a5 Qd8 16. Nb3 Bxc3 17. bxc3 Nxe4 18. Bd3 Ndf6 19. Nxc5 Nxc5 20. Bxc5 h6 21.
Bd4 Qd6 22. h3 Bd7 23. Rad1 Bc6 24. f3 Qf4 25. Qf2 Nh5 26. Rb1 Qg3 27. Qxg3
Nxg3 28. Rfe1 a6 29. Be5 Nh5 30. Kf2 Rad8 31. Bd4 Nf4 32. Bf1 Nd5 33. Bc4 Rc8
34. Rxe8+ Rxe8 35. Rd1 Nc7 36. Bc5 Nb5 37. Bb4 Rc8 38. Bb3 Nc7 39. Rd2 Re8 40.
Bc4 Nb5 41. Re2 Nc7 42. Rd2 Nb5 43. h4 g6 44. g4 Kg7 45. Bb3 Nc7 46. Bc5 Ne6
47. Be3 Rd8 48. Rxd8 Nxd8 49. Bd4+ Kf8 50. f4 Ne6 51. Be5 Ke7 52. f5 Nc5 53.
Bc2 1/2-1/2

[Event "Schloss op 1st"]
[Site "Heusenstamm"]
[Date "2014.11.22"]
[Round "4.34"]
[White "Euler, Stephan"]
[Black "Neukirchner, Pascal"]
[Result "1-0"]
[WhiteElo "2030"]
[BlackElo "1726"]
[PlyCount "51"]
[EventDate "2014.11.??"]
[EventType "swiss"]
[EventRounds "7"]
[EventCountry "GER"]
[WhiteTeam "SC Ladja Rossdorf"]
[BlackTeam "SK Gruendau"]

1. e4 d6 2. d4 Nf6 3. Nc3 g6 4. Nf3 Bg7 5. Be3 Nbd7 6. Qd2 Ng4 7. Bg5 h6 8. Bh4
c5 9. h3 cxd4 10. Nxd4 Ngf6 11. Bc4 Nc5 12. f3 Qb6 13. O-O-O Be6 14. Bb5+ Bd7
15. Bxf6 Bxf6 16. Nd5 Qd8 17. Nxf6+ exf6 18. Qf4 Qe7 19. Bxd7+ Qxd7 20. Qxf6
O-O 21. h4 Qa4 22. Kb1 Nd7 23. Qf4 Kg7 24. h5 g5 25. Qxd6 f6 26. Nf5+ 1-0

[Event "Schloss op 1st"]
[Site "Heusenstamm"]
[Date "2014.11.22"]
[Round "4.35"]
[White "Kropp, Volker"]
[Black "Faerber, David"]
[Result "1-0"]
[WhiteElo "2025"]
[BlackElo "1732"]
[PlyCount "35"]
[EventDate "2014.11.??"]
[EventType "swiss"]
[EventRounds "7"]
[EventCountry "GER"]
[WhiteTeam "SV Mainz Mombach"]
[BlackTeam "SV Walldorf"]

1. d4 c5 2. c3 d5 3. Nf3 e6 4. Bf4 Nf6 5. e3 Nc6 6. Bd3 Bd6 7. Bxd6 Qxd6 8.
Nbd2 Bd7 9. Qe2 O-O 10. O-O Rfe8 11. Bb5 a6 12. Bxc6 Bxc6 13. Rfd1 Rad8 14. Ne5
Nd7 15. f4 f6 16. Nxd7 Rxd7 17. Qh5 cxd4 18. Qxe8+ 1-0

[Event "Schloss op 1st"]
[Site "Heusenstamm"]
[Date "2014.11.22"]
[Round "4.36"]
[White "Kremenetskiy, Igor"]
[Black "Zirlik, Rudi"]
[Result "1/2-1/2"]
[WhiteElo "1345"]
[BlackElo "1993"]
[PlyCount "59"]
[EventDate "2014.11.??"]
[EventType "swiss"]
[EventRounds "7"]
[EventCountry "GER"]
[WhiteTeam "Sfr Heusenstam"]
[BlackTeam "SV Unterkochen"]

1. e4 c5 2. Nf3 d6 3. Bc4 e6 4. Nc3 Nc6 5. a3 Be7 6. d3 Bf6 7. O-O Nge7 8. Bg5
Bxg5 9. Nxg5 O-O 10. f4 h6 11. Nf3 d5 12. exd5 exd5 13. Ba2 d4 14. Ne4 Nf5 15.
Qd2 b6 16. b4 Be6 17. Bxe6 fxe6 18. bxc5 Ne3 19. Rfe1 Rxf4 20. Rxe3 dxe3 21.
Qxe3 Rf8 22. Nd6 Qf6 23. Re1 e5 24. c3 Rad8 25. d4 bxc5 26. dxc5 Rb8 27. Qe4
Ne7 28. Qxe5 Qxe5 29. Nxe5 Nf5 30. Nd7 1/2-1/2

[Event "Schloss op 1st"]
[Site "Heusenstamm"]
[Date "2014.11.22"]
[Round "4.37"]
[White "Klebs, Sebastian"]
[Black "Turp, Hueseyin"]
[Result "1/2-1/2"]
[WhiteElo "1930"]
[BlackElo "1651"]
[PlyCount "103"]
[EventDate "2014.11.??"]
[EventType "swiss"]
[EventRounds "7"]
[EventCountry "GER"]
[WhiteTeam "Karlsruher SF"]
[BlackTeam "Oberhausener SV"]

1. e4 d5 2. exd5 Qxd5 3. Nc3 Qa5 4. d4 Nf6 5. Bc4 c6 6. Nf3 Bg4 7. O-O e6 8. h3
Bh5 9. Re1 Be7 10. Qe2 Nd5 11. Bd2 Qd8 12. Ne4 O-O 13. c3 Nd7 14. Rad1 N7f6 15.
Nxf6+ Bxf6 16. g4 Bg6 17. Ne5 Bxe5 18. Qxe5 Bc2 19. Rc1 Bg6 20. Qg3 Qb8 21. Kg2
Re8 22. f4 Nf6 23. Bd3 Bxd3 24. Qxd3 Qd8 25. Qe2 Qa5 26. a3 Qc7 27. Qf3 Rad8
28. Re5 Nd7 29. Re2 Qb6 30. Be3 Qb3 31. Rce1 Nb6 32. Bc1 Qd5 33. f5 Qd7 34.
fxe6 Rxe6 35. Rxe6 fxe6 36. Qe4 Re8 37. Kg3 Qd5 38. Qxd5 cxd5 39. Re2 Nc4 40.
Bf4 Kf7 41. Kf3 a5 42. b3 Nxa3 43. Ra2 Nb5 44. Rxa5 Nxc3 45. Ra7 Re7 46. Be5
Nb1 47. Ke3 Nc3 48. Ra1 Ne4 49. Rf1+ Ke8 50. Rc1 Kf7 51. Rf1+ Ke8 52. Rc1
1/2-1/2

[Event "Schloss op 1st"]
[Site "Heusenstamm"]
[Date "2014.11.22"]
[Round "4.38"]
[White "Firinci, Erdem"]
[Black "Baumgartl, Guenther"]
[Result "0-1"]
[WhiteElo "1633"]
[BlackElo "2060"]
[PlyCount "68"]
[EventDate "2014.11.??"]
[EventType "swiss"]
[EventRounds "7"]
[EventCountry "GER"]
[WhiteTeam "Sfr Heusenstam"]
[BlackTeam "SC 1952 Obertshausen"]

1. e4 c5 2. Nf3 d6 3. Nc3 g6 4. Bc4 Bg7 5. O-O Nc6 6. d3 Nf6 7. Nd5 e6 8. Nxf6+
Qxf6 9. c3 h6 10. Bb5 Bd7 11. Bxc6 Bxc6 12. Be3 g5 13. Nd2 e5 14. Qf3 Qe7 15.
h3 O-O-O 16. c4 Rdf8 17. Nb3 b6 18. Qf5+ Kc7 19. a4 a5 20. Rfe1 Bd7 21. Qf3 h5
22. Qg3 g4 23. hxg4 hxg4 24. Bc1 Bf6 25. Qe3 Rh5 26. f4 exf4 27. Qxf4 Be5 28.
Qe3 g3 29. Kf1 Bg4 30. Re2 Rh1+ 31. Qg1 Rxg1+ 32. Kxg1 Qh4 33. Re3 Qh2+ 34. Kf1
Qh1# 0-1

[Event "Schloss op 1st"]
[Site "Heusenstamm"]
[Date "2014.11.22"]
[Round "4.39"]
[White "Willenbring, Jens Dirk"]
[Black "Weiss, Matthias"]
[Result "0-1"]
[WhiteElo "1577"]
[BlackElo "2042"]
[Annotator "Schloessner,Henrik"]
[PlyCount "46"]
[EventDate "2014.11.??"]
[EventType "swiss"]
[EventRounds "7"]
[EventCountry "GER"]
[WhiteTeam "Bad Vilbeler Sfr 1985"]
[BlackTeam "SF Schoeneck"]

1. d4 Nf6 2. Nf3 g6 3. c4 c5 4. e3 Bg7 5. Nc3 cxd4 6. exd4 O-O 7. g3 d5 8. cxd5
Nxd5 9. Bg2 Nc6 10. O-O Be6 11. Be3 h6 12. Qd2 Kh7 13. Rfd1 Rc8 14. Ne1 Na5 15.
Nxd5 Bxd5 16. Bxd5 Qxd5 17. b3 Rfd8 18. Nc2 Nc6 19. Rab1 Rd7 20. Qc3 Rcd8 21.
Rd2 Qh5 22. Rbd1 Rd5 23. Qc4 e5 $138 0-1

[Event "Schloss op 1st"]
[Site "Heusenstamm"]
[Date "2014.11.22"]
[Round "4.40"]
[White "Keller, Alexander"]
[Black "Hinrichs, Paul"]
[Result "1-0"]
[WhiteElo "1963"]
[BlackElo "1644"]
[PlyCount "31"]
[EventDate "2014.11.??"]
[EventType "swiss"]
[EventRounds "7"]
[EventCountry "GER"]
[WhiteTeam "SK Buchloe"]
[BlackTeam "SK Bingen"]

1. Nc3 d5 2. e4 c6 3. f4 g6 4. Be2 Bg7 5. e5 e6 6. Nf3 Ne7 7. d4 b6 8. Be3 Bb7
9. Qd2 Nd7 10. O-O-O Rc8 11. g4 c5 12. Nb5 Kf8 13. Nd6 Rb8 14. Ng5 Qc7 15.
Ndxf7 Rg8 16. Nxe6+ 1-0